| 000 | 01096nam a2200169 i 4500 | ||
|---|---|---|---|
| 001 | 46681 | ||
| 003 | ES-MaACL | ||
| 005 | 20230906161428.0 | ||
| 007 | t| | ||
| 008 | 030331m19291931sp ||||1| spa d | ||
| 110 | 2 |
_aAsociación Española para el Progreso de las Ciencias. _bCongreso ( _n12º. _d1929. _cBarcelona) _91694 |
|
| 245 | 1 | 0 |
_aAsociación Española para el Progreso de las Ciencias _b: duodécimo congreso celebrado en la ciudad de Barcelona del 20 al 27 de mayo de 1929. |
| 260 |
_aMadrid : _b[s.n.], _c1929-1931 ( _fHuelves y Compañía) |
||
| 300 |
_a11 v. ; _c26 cm. |
||
| 505 | 8 | _aContiene: T. I. Primera parte. Discursos inaugurales. -- T. I. Segunda parte. Discursos inaugurales. -- T. II: Ciencias matemáticas. -- T. III-IV: Ciencias astronómicas, geofísicas y geográficas. -- T. V: Ciencias físicoquímicas. -- T. VI: Ciencias naturales. -- T. VII: Ciencias sociales. -- T. VIII: Ciencias históricas, folosóficas y filológicas. -- T. IX. Primera parte. Ciencias médicas. -- T. IX. Segunda parte. Ciencias médicas. -- T. X: Apliaciones | |
| 852 |
_aES-MaACL _jD-8675-76 |
||
| 999 |
_c46681 _d46681 |
||